| 000 | 00615nam a22001697a 4500 | ||
|---|---|---|---|
| 003 | BD-DhUL | ||
| 005 | 20210901095024.0 | ||
| 008 | 180916s1977 ii ||||| |||| 00| 0 urd d | ||
| 040 |
_aBD-DhUL _cBD-DhUL |
||
| 082 |
_a891.431 _bHUU |
||
| 100 | 1 | _aحسین خان، یوسف | |
| 245 | 1 |
_aاردو غزلیات غالب مع (انتخاب تسخہ حمیدیہ بھوپال ایڈیشن) = Urdu Ghazals of Ghalib / _cیوسف حسین خان _b |
|
| 260 |
_aنیٔ دلی : _bغالب انسٹییٹوٹ، _c۔۱۹۷۷ |
||
| 300 |
_aمختلف صفات ؛ _c۲۱ سم۔ |
||
| 650 | 4 | _aUrdu poetry | |
| 942 |
_2ddc _cBK |
||
| 999 |
_c243480 _d243480 |
||